000 00595nam a2200253Ia 4500
005 20260121160934.0
008 008 260114s9999 xx 000 0 eng d
020 _a9781315751856
037 _aEBOOK
040 _aCRL
040 _beng
040 _cCRL
041 _2eng
041 _aeng
084 _qCRL
100 _a Samantha Pegg; Anne Davies
_91038203
245 0 _aSexual Offences
260 _bTaylor and Francis
260 _c2016
856 _uhttp://www.taylorfrancis.com/books/9781315751856
942 _cEBOOK
999 _c1605019
_d1605019